LEADER 00788nam a2200205 i 4500 001 000000234974 003 CaOOAMICUS 005 20141027000000.0 008 141027s1955 it u000 u ita u 013 $a213877 040 $aSeMil$bita 100 1 $aFerrarotti, Franco,$d<1926-2024>.$0(OLS)http://semarc/name/23 245 13$aLa protesta operaia /$cFranco Ferrarotti. 260 $aMilano :$bEdizioni di Comunità,$ccopyr. 1955. 300 $a124 p. ;$c23 cm. 650 4$aMovimento operaio.$0(OLS)http://semarc/subject/548 850 $aSeMil 852 $aSeMil$W1$xVenegono$y1$m3M IV 128$j185320$B185320$CSeMilBibl$Z2$F196196 $81 996 $6245$aLa protesta operaia$9(OLS)http://semarc/title/335158 996 $6260$aMilano :$bEdizioni di Comunità$9(OLS)http://semarc/publisher/31458 LEADER 01205nam a2200277 i 4500 001 000000107305 003 CaOOAMICUS 005 20160810000000.0 008 160810s1994 it u000 u ita u 013 $a79539 020 $a88-7136-092-3 040 $aSeMil$bita 100 1 $aRoche de Coppens, Peter.$0(OLS)http://semarc/name/6215 245 10$aVivere sani in un mondo malato :$bmedicina olistica e guarigione spirituale /$cdi Peter Roche de Coppens. 260 $aTorino :$bL'età dell'Acquario,$c1994. 300 $a91 p. ;$c21 cm. 490 0 $aOliviuli 500 $aCon dedica autografa dell'Autore. 650 4$aOrganismo - Concezione biologica [e] psicologica [e] olistica.$0(OLS)http://semarc/subject/18764 830 0$aOliviuli.$0(OLS)http://semarc/title/9442 850 $aSeMil 852 $aSeMil$W1$xVenegono$y1$m3X II 38$j63401$B63401$CSeMilBibl$Z2$F213780 $81 961 $aOmaggio: Mauri don Gianni 996 $6020$a88-7136-092-3$9(OLS)http://semarc/number/88250 996 $6245$aVivere sani in un mondo malato :$bmedicina olistica e guarigione spirituale$9(OLS)http://semarc/title/155695 996 $6260$aTorino :$bL'età dell'Acquario$9(OLS)http://semarc/publisher/31931